Saltar al contenido
VuFind
Lenguaje
English
Español
Todo
Libros
eBooks
Revistas
Tesis
Audiovisual
Búsqueda Combinada
Todos los Campos
Título
Autor
Materia
Número de Clasificación
ISBN/ISSN
Etiqueta
Buscar
Avanzado
los tres chanchitos
Citar
Describir
Imprimir
Exportar Registro
Exportar a RefWorks
Exportar a EndNoteWeb
Exportar a EndNote
Enlace Permanente
los tres chanchitos
Detalles Bibliográficos
Formato:
Libro
Lenguaje:
inglés
Existencias
Descripción
Vista preliminar
Ejemplares similares
Vista Equipo
MARC
LEADER
00000nam a22000007a 4500
003
UAHC
005
20171113163536.0
008
171113b xxu||||| |||| 00| 0 eng d
999
|c
49886
|d
49886
040
|c
uhgfd
082
|2
345
|a
g256
245
|a
los tres chanchitos
942
|2
ddc
|c
BK
Ejemplares similares
La interesante forma de los chanchitos de tierra /
por: Alfaro V., Julia
Observando los polos /
Publicado: (2021)
La comunicación de los territorios, los destinos y sus marcas : guía práctica de aplicación desde las relaciones públicas /
por: Huertas Roig, Assumpció
Publicado: (2014)
Descubriendo los ambientes del mundo /
por: Auletta, Cintia
Publicado: (2020)
Piratas de todos los tiempos /
por: San Juan, Víctor
Publicado: (2009)